000 00284nam a2200109Ia 4500
001 1276670
005 20260417160452.0
008 260417s9999 xx 000 0 und d
020 _a9786253800536
245 0 _aAra Alem: 2 - Yasak Oyun
_cMiyase Sertbarut
260 _bTudem Yayınları
999 _c1276670
_d1276670